Emperadores y Reyes de América - Estadísticas

Estadísticas generales
  • Esta prueba ha sido intentada 54 veces
  • La puntuación promedio es 9 de 14
Estadísticas de respuestas
Período Nombre % Correcto
2022-Act. Carlos III de Reino Unido
90%
1952-2022 Isabel II de Reino Unido
88%
1910-1936 Jorge V de Reino Unido
83%
1936-1952 Jorge VI de Reino Unido
83%
1863-1867 Maximiliano I
83%
1822-1831 Pedro I
80%
1831-1889 Pedro II
80%
1867-1901 Victoria de Reino Unido
75%
1901-1910 Eduardo VII de Reino Unido
70%
1936 Eduardo VIII de Reino Unido
70%
1822-1823 Agustín I
58%
1811-1820 Enrique I
28%
1804-1806 Jacobo I
15%
1849-1859 Faustino I
8%
No se encontraron pruebas coincidentes
Distribución de puntuación
Porcentaje de gente con cada puntuación
Porcentaje por número respondido
Historial de tus puntuaciones
No has intentado esta prueba.